• 首页
  • 本馆介绍
  • 公告通知
  • 最新文献
  • 馆藏检索
  • 电子资源
  • 读者导购
  • 参考咨询
  • 我的图书馆
  • 登录
  • 详细信息显示
  • 放入我的书架
  • 预约/预借图书
  • 作者相关作品
  • 分类相关作品
  • 丛书相关作品
  • 出版社相关作品

书目信息

  • 表格格式
  • 工作单格式
  • 卡片格式
题名:
天雨花
    
 
作者: 陶贞怀 著 ;李平 编校
分册: 中  
出版信息: 郑州   中州古籍出版社  1984
页数: 397-810页
开本: 21cm
丛书名: 中国古典讲唱文学丛书
单 册:
中图分类: I239.9 , I242.4
科图分类:
主题词: 说唱文学--中国--清代--选集 , 小说--中国
电子资源:
ISBN:
000 00754oam2 2200277 450
001 1549478128
005 20150123135928.57
010    @dCNY1.35
091    @a10219.50
100    @a19950314d1984 em y0chiy0110 ea
101 0  @achi
102    @aCN@b410000
105    @ay z 000ay
200 1  @a天雨花@9tian yu hua@h中@f(清)陶贞怀著@g李平编校
210    @a郑州@c中州古籍出版社@d1984
215    @a397-810页@d21cm
225 2  @a中国古典讲唱文学丛书
461  0 @12001 @a中国古典讲唱文学丛书
606 0  @a说唱文学@y中国@z清代@x选集
606 0  @a小说@x中国
690    @aI239.9@v5
690    @aI242.4@v4
701  0 @a陶贞怀@9tao zhen huai@f清@4著
702  0 @a李平@9li ping@4编校
801  0 @aCN@bTSSF@c20150123
905    @aZUCC@dI242.4@eJY94:2
    
    天雨花.中/(清)陶贞怀著/李平编校.-郑州:中州古籍出版社,1984
    397-810页;21cm.-(中国古典讲唱文学丛书)
    
    
    ISBN :CNY1.35
    
●
相关链接 在E读中查询图书 在五车中查询图书 在当当中查询图书 在豆瓣中查询图书


正题名:天雨花     索取号:I242.4/JY94:2         预约/预借

序号 登录号 条形码 馆藏地/架位号 状态 备注
1 7839872   278398725   学院路分馆/ [索取号:I242.4/JY94:2] 在馆    
2 7856695   278566954   学院路分馆/ [索取号:I242.4/JY94:2] 在馆    
唐山师范学院图书馆 欢迎您!
大连网信软件有限公司© 版权所有